[Event "ch-ISR 2013"]
[Site "Acre ISR"]
[Date "2013.04.07"]
[Round "2.13"]
[White "Zalkind, Konstantin"]
[Black "Boruchovsky, Avital"]
[Result "1/2-1/2"]
[WhiteTitle "FM"]
[BlackTitle "IM"]
[WhiteElo "2254"]
[BlackElo "2445"]
[WhiteFideId "2803461"]
[BlackFideId "2800055"]
[EventDate "2013.04.06"]

1. d4 Nf6 2. c4 c5 3. e3 g6 4. Nc3 Bg7 5. Nf3 O-O 6. Be2 e6 7. O-O b6 8. b3 Bb7
9. Bb2 d6 10. Qc2 Nc6 11. Rad1 Qe7 12. Qb1 Rfd8 13. Qa1 cxd4 14. Nxd4 Nxd4 15.
Rxd4 Nd7 16. Rdd1 Qg5 17. g3 Qf5 18. f3 Qc5 19. Qc1 Ne5 20. f4 Qc6 21. e4 Nd7
22. Bf3 a6 23. Qd2 Qc5+ 24. Kg2 b5 25. Qxd6 bxc4 26. e5 Bxf3+ 27. Rxf3 Bf8 28.
Qxc5 Nxc5 29. bxc4 Rxd1 30. Nxd1 Rd8 31. Nf2 Rd2 32. Ba3 Rxa2 33. Kf1 Rc2 34.
Bxc5 Bxc5 35. Ne4 Rxc4 36. Nf6+ Kg7 37. g4 h6 38. g5 hxg5 39. fxg5 Be7 40. Rh3
Bxf6 41. exf6+ Kg8 42. Ra3 Rc5 43. h4 a5 44. Kf2 Kf8 45. Rb3 Rc8 46. Ra3 Ra8 47.
h5 gxh5 48. Kg3 Kg8 49. Kh4 Kh7 50. Kxh5 a4 51. Kg4 Rb8 52. Rh3+ Kg8 53. Ra3
Rb4+ 54. Kh5 Kh7 55. Ra1 Rb2 56. Rxa4 Rh2+ 57. Kg4 Kg6 58. Ra8 Rg2+ 59. Kf4 e5+
60. Kxe5 Rxg5+ 61. Kf4 Rf5+ 62. Kg4 Rxf6 63. Ra4 Rb6 64. Kf4 Kf6 65. Rc4 Kg6 66.
Ra4 Rb1 67. Kg4 Rb5 68. Rc4 Kf6 69. Rf4+ Kg6 70. Ra4 Rb8 71. Rc4 Rh8 72. Ra4 f5+
73. Kf3 Rh3+ 74. Kg2 Rb3 75. Kf2 Kg5 76. Rc4 Kf6 77. Ra4 Rb5 78. Kf3 Kg5 79. Rc4
Rb7 80. Ra4 Rb1 81. Rc4 Ra1 82. Rb4 Ra5 83. Kg3 Rc5 84. Ra4 Rc3+ 85. Kf2 Rb3 86.
Rc4 Rb5 87. Ra4 f4 88. Ra8 Rb2+ 89. Kf3 Rb3+ 90. Kf2 Kg4 91. Rg8+ 1/2-1/2

[Event "ch-ISR 2013"]
[Site "Acre ISR"]
[Date "2013.04.07"]
[Round "2.16"]
[White "Judkovsky, Yair"]
[Black "Shvayger, Yuliya"]
[Result "1/2-1/2"]
[BlackTitle "WFM"]
[WhiteElo "2355"]
[BlackElo "2273"]
[WhiteFideId "2804930"]
[BlackFideId "14100126"]
[EventDate "2013.04.06"]

1. e4 c5 2. Nf3 d6 3. d4 cxd4 4. Nxd4 Nf6 5. Nc3 a6 6. Bc4 e6 7. Bb3 b5 8. a3
Be7 9. Qf3 Qb6 10. Be3 Qb7 11. Qg3 O-O 12. Bh6 Ne8 13. O-O Kh8 14. Bg5 Nf6 15.
Rfe1 Nbd7 16. Rad1 Nc5 17. Qh4 Nxb3 18. cxb3 h6 19. Re3 Re8 20. Bxh6 Nh7 21.
Bxg7+ Kxg7 22. Rg3+ Kh8 23. Qh5 Rg8 24. Qxf7 Rxg3 25. hxg3 Qd7 26. Nf3 Qb7 27.
Nd4 e5 28. Nc6 Bf8 29. Nd8 Qb6 30. Qd5 Ra7 31. Nf7+ Kg7 32. Nxd6 Bxd6 33. Qxd6
Qxd6 34. Rxd6 Nf6 35. f3 Kf7 36. Kf2 Ke7 37. Rd2 Be6 1/2-1/2

[Event "ch-ISR 2013"]
[Site "Acre ISR"]
[Date "2013.04.08"]
[Round "3.2"]
[White "Rodshtein, Maxim"]
[Black "Nabaty, Tamir"]
[Result "1/2-1/2"]
[WhiteTitle "GM"]
[BlackTitle "GM"]
[WhiteElo "2639"]
[BlackElo "2564"]
[WhiteFideId "2806851"]
[BlackFideId "2809052"]
[EventDate "2013.04.06"]

1. d4 d5 2. c4 c6 3. Nf3 Nf6 4. Nc3 dxc4 5. a4 Bf5 6. Ne5 Na6 7. f3 Nd7 8. Nxc4
e5 9. e4 exd4 10. exf5 dxc3 11. bxc3 Qf6 12. Qc2 O-O-O 13. Be2 Bc5 14. Nd2 Rhe8
15. Ne4 Rxe4 16. fxe4 Nb4 17. cxb4 Bxb4+ 18. Kf2 Qxa1 19. Bf4 Qd4+ 20. Be3 Qe5
21. Kf3 Bc5 22. Bf4 Qd4 23. Bc4 Ne5+ 24. Bxe5 Qe3+ 25. Kg4 Rd2 26. Qb1 h5+ 27.
Kxh5 Rxg2 28. Bg3 Qf3+ 29. Kh4 Be7+ 30. Kh3 Rd2 31. Bxf7 Qg2+ 32. Kg4 Qe2+ 33.
Kh3 Qg2+ 34. Kg4 Qe2+ 35. Kh3 Qg2+ 1/2-1/2

[Event "ch-ISR 2013"]
[Site "Acre ISR"]
[Date "2013.04.08"]
[Round "3.3"]
[White "Zoler, Dan"]
[Black "Postny, Evgeny"]
[Result "0-1"]
[WhiteTitle "GM"]
[BlackTitle "GM"]
[WhiteElo "2553"]
[BlackElo "2635"]
[WhiteFideId "2800705"]
[BlackFideId "2804344"]
[EventDate "2013.04.06"]

1. d4 d5 2. c4 c6 3. Nf3 Nf6 4. Nc3 dxc4 5. a4 e6 6. e3 c5 7. Bxc4 Nc6 8. O-O
Be7 9. Qe2 cxd4 10. exd4 O-O 11. Rd1 Nd5 12. h4 Ncb4 13. h5 h6 14. a5 Bd7 15.
Ne5 Bc6 16. Ne4 Nf6 17. Nxc6 bxc6 18. Nc5 Nfd5 19. Nb3 Bg5 20. g3 Bxc1 21. Rdxc1
Rb8 22. Qf3 Qe7 23. Bf1 Rfd8 24. Rc5 Nf6 25. Bg2 Rxd4 26. Nxd4 Qxc5 27. Nxc6
Nxc6 28. Qxc6 Qd4 29. Qc3 Qxc3 30. bxc3 Nxh5 31. a6 Nf6 32. Bb7 Kf8 33. c4 Ke7
34. c5 Kd7 35. Kf1 Kc7 36. Ke2 Nd7 37. Ra5 g5 38. Rb5 g4 39. Ke3 Ne5 40. Kf4 f6
41. Ke3 Nf7 42. Kf4 h5 43. Rb1 Nd8 44. c6 Nf7 45. Rh1 Rh8 46. Ke4 Nd6+ 47. Kd4
h4 48. gxh4 Rxh4 49. Rg1 Nf7 50. Ke3 Ne5 51. f4 Nc4+ 52. Kd4 Nd6 53. Re1 g3 54.
Ke3 e5 55. Kf3 Rxf4+ 56. Kxg3 Nf5+ 57. Kg2 e4 58. Ba8 e3 59. Rb1 Rf2+ 60. Kg1
Nd4 61. Rb7+ Kc8 62. Rh7 Nf3+ 63. Kh1 Rh2+ 64. Rxh2 Nxh2 65. Kg2 Kc7 0-1

[Event "ch-ISR 2013"]
[Site "Acre ISR"]
[Date "2013.04.08"]
[Round "3.4"]
[White "Roiz, Michael"]
[Black "Greenfeld, Alon"]
[Result "1/2-1/2"]
[WhiteTitle "GM"]
[BlackTitle "GM"]
[WhiteElo "2623"]
[BlackElo "2545"]
[WhiteFideId "2804158"]
[BlackFideId "2800039"]
[EventDate "2013.04.06"]

1. d4 e6 2. c4 b6 3. Nc3 Bb7 4. Nf3 f5 5. g3 Bb4 6. Qb3 c5 7. Bg2 cxd4 8. Qxb4
Na6 9. Qa3 dxc3 10. Qxc3 Qf6 11. Qa3 Qe7 12. Qxe7+ Kxe7 13. O-O Nf6 14. Rd1 Nc5
15. Bf4 Rhc8 16. Rd4 d5 17. Ne5 Nce4 18. Rad1 a5 19. g4 g6 20. g5 Nh5 21. Bc1
Rc7 22. Bf3 Rac8 23. b3 b5 24. Bxe4 1/2-1/2

[Event "ch-ISR 2013"]
[Site "Acre ISR"]
[Date "2013.04.08"]
[Round "3.5"]
[White "Gofshtein, Leonid"]
[Black "Golod, Vitali"]
[Result "1/2-1/2"]
[WhiteTitle "GM"]
[BlackTitle "GM"]
[WhiteElo "2457"]
[BlackElo "2573"]
[WhiteFideId "2801574"]
[BlackFideId "2804140"]
[EventDate "2013.04.06"]

1. Nf3 d5 2. d4 c5 3. c4 cxd4 4. cxd5 Qxd5 5. Nc3 Qa5 6. Nxd4 Nf6 7. g3 e5 8.
Nb3 Qc7 9. Bg2 Bb4 10. Bd2 O-O 11. a3 Bxc3 12. Bxc3 Nc6 13. O-O Rd8 14. Qe1 1/2-1/2

[Event "ch-ISR 2013"]
[Site "Acre ISR"]
[Date "2013.04.08"]
[Round "3.6"]
[White "Avrukh, Boris"]
[Black "Popilski, Gil"]
[Result "1-0"]
[WhiteTitle "GM"]
[BlackTitle "GM"]
[WhiteElo "2572"]
[BlackElo "2523"]
[WhiteFideId "2803895"]
[BlackFideId "2809060"]
[EventDate "2013.04.06"]

1. d4 Nf6 2. c4 g6 3. g3 d5 4. cxd5 Nxd5 5. Bg2 Bg7 6. Nf3 Nb6 7. Nc3 Nc6 8. e3
O-O 9. O-O Re8 10. a3 Be6 11. Nd2 a5 12. Nb3 Bc4 13. Nc5 Bxf1 14. Nxb7 Qc8 15.
Bxc6 Bh3 16. Nc5 Rd8 17. Qe2 Rd6 18. Bb7 Qb8 19. Qf3 Ra7 20. Nb5 Nd7 21. Bc6 Rf6
22. Qd5 Nxc5 23. Qxc5 Ra6 24. Be4 Rae6 25. Bd3 Qb7 26. d5 Re5 27. e4 c6 28. Nc3
cxd5 29. Nxd5 Rc6 30. Qxa5 Qb3 31. Bf4 Qxb2 32. Rb1 Qd4 33. Qd8+ Bf8 34. Nxe7+
Rxe7 35. Qxd4 Rd7 36. Qa4 1-0

[Event "ch-ISR 2013"]
[Site "Acre ISR"]
[Date "2013.04.08"]
[Round "3.7"]
[White "Soffer, Ram"]
[Black "Caspi, Israel"]
[Result "1-0"]
[WhiteTitle "GM"]
[BlackTitle "IM"]
[WhiteElo "2516"]
[BlackElo "2461"]
[WhiteFideId "2800101"]
[BlackFideId "2807394"]
[EventDate "2013.04.06"]

1. d4 Nf6 2. c4 c5 3. d5 b5 4. cxb5 a6 5. b6 d6 6. Nc3 Nbd7 7. a4 a5 8. e4 g6 9.
Nf3 Bg7 10. Bb5 O-O 11. O-O Nxb6 12. Bf4 Bb7 13. Re1 Ne8 14. e5 Nc7 15. exd6
exd6 16. Bc6 Rb8 17. Ne4 Nbxd5 18. Bxd5 Bxd5 19. Bxd6 Bb3 20. Qd2 Re8 21. Nxc5
Rxe1+ 22. Rxe1 Bc4 23. b3 Bxb3 24. Bxc7 Qxc7 25. Na6 Bc3 26. Nxc7 Bxd2 27. Nxd2
Bxa4 28. Ra1 Rb4 29. Nd5 Rd4 30. Ne3 f5 31. Nf3 Re4 32. Nd5 1-0

[Event "ch-ISR 2013"]
[Site "Acre ISR"]
[Date "2013.04.08"]
[Round "3.8"]
[White "Shachar, Ehud"]
[Black "Raznikov, Danny"]
[Result "1/2-1/2"]
[WhiteTitle "FM"]
[BlackTitle "IM"]
[WhiteElo "2357"]
[BlackElo "2488"]
[WhiteFideId "2802198"]
[BlackFideId "2811154"]
[EventDate "2013.04.06"]

1. e4 c6 2. d4 d5 3. e5 c5 4. Ne2 Nc6 5. c3 Bg4 6. f3 Bd7 7. Na3 e6 8. Nc2 Rc8
9. a3 Nge7 10. Ne3 cxd4 11. cxd4 Qb6 12. g3 Na5 13. Bh3 Nb3 14. Rb1 Nc6 15. Nc2
Be7 16. f4 Nca5 17. O-O O-O 18. Nc3 Nxd4 19. Be3 Bc5 20. Bxd4 Nb3 21. Bxc5 Qxc5+
22. Rf2 Rc7 23. Bf1 Rfc8 24. Bd3 a5 25. Qh5 g6 26. Qe2 b5 27. Rd1 Qb6 28. Kg2 b4
29. axb4 axb4 30. Nb1 Ba4 31. Re1 Nc5 32. Ne3 d4 33. Ng4 Bc6+ 34. Kh3 h5 35.
Nf6+ Kg7 36. Nd2 Nxd3 37. Qxd3 Bb5 38. Qe4 d3 39. Qe3 Qxe3 40. Rxe3 Rc2 41. b3
Ra8 42. Re1 Raa2 43. Rd1 Bc6 44. g4 hxg4+ 45. Kxg4 Kf8 46. Kg3 Rab2 47. h4 Ke7
48. Nfe4 Bxe4 49. Nxe4 Rxb3 50. Rfd2 Rcc3 51. Kf3 Ra3 52. Ke3 Rc2 53. Nf2 Rc8
54. Rb1 Rh8 55. Rxb4 Rxh4 56. Rxd3 Ra7 57. Rdb3 Kf8 58. Kf3 Kg7 59. f5 Rh5 60.
f6+ Kh6 61. Rb7 Rf5+ 62. Kg3 Ra2 63. Ng4+ Kg5 64. R7b4 Kh5 65. Nh2 g5 66. Nf3
Ra8 67. Rg4 Ra1 68. Rd3 Rf1 69. Re4 Ra1 70. Rd2 Ra3 71. Rh2+ Kg6 72. Rf2 Kh5 73.
Rc4 Ra8 74. Rh2+ Kg6 1/2-1/2

[Event "ch-ISR 2013"]
[Site "Acre ISR"]
[Date "2013.04.08"]
[Round "3.9"]
[White "Baron, Tal"]
[Black "Berkovich, Mark A"]
[Result "1/2-1/2"]
[WhiteTitle "GM"]
[BlackTitle "IM"]
[WhiteElo "2473"]
[BlackElo "2364"]
[WhiteFideId "2809958"]
[BlackFideId "2801639"]
[EventDate "2013.04.06"]

1. e4 e5 2. Nf3 d6 3. d4 exd4 4. Nxd4 Nf6 5. Nc3 Be7 6. Qf3 O-O 7. Nf5 Bxf5 8.
Qxf5 Nbd7 9. Be3 g6 10. Qh3 c6 11. a4 Qa5 12. Be2 Nc5 13. O-O Ncxe4 14. Nxe4
Nxe4 15. Qd7 Bg5 16. Bxg5 Qxg5 17. Qxb7 Qc5 18. Bd3 Rab8 19. Qa6 d5 20. b3 f5
21. Rac1 Rf7 22. Bxe4 fxe4 23. Qe2 a5 24. Qe3 Qxe3 1/2-1/2

[Event "ch-ISR 2013"]
[Site "Acre ISR"]
[Date "2013.04.08"]
[Round "3.10"]
[White "Boruchovsky, Avital"]
[Black "Judkovsky, Yair"]
[Result "1/2-1/2"]
[WhiteTitle "IM"]
[WhiteElo "2445"]
[BlackElo "2355"]
[WhiteFideId "2800055"]
[BlackFideId "2804930"]
[EventDate "2013.04.06"]

1. g3 Nf6 2. Bg2 g6 3. d4 Bg7 4. e4 d6 5. Ne2 O-O 6. Nbc3 Nbd7 7. h3 e5 8. Be3
c6 9. a4 Re8 10. O-O exd4 11. Bxd4 Qe7 12. Re1 b6 13. Qd2 Bb7 14. Rad1 c5 15.
Bxf6 Nxf6 16. Nf4 Red8 17. Re3 Rd7 18. Rd3 Rad8 19. Ncd5 Nxd5 20. Nxd5 Qe6 21.
c3 Bc6 22. Qc2 Rb8 23. Kh2 Rdd8 24. Rf3 a6 25. h4 b5 26. a5 Qe5 27. Re3 Bxd5 28.
Rxd5 Qe7 29. Qd2 Qc7 30. Bf1 Qxa5 31. Rxd6 Rxd6 32. Qxd6 Qb6 33. e5 Qxd6 34.
exd6 Rd8 35. Rd3 Rd7 36. Rd5 c4 37. Bh3 f5 38. g4 fxg4 39. Bxg4 Rxd6 40. Rxd6
Be5+ 41. Kg2 Bxd6 42. Bc8 a5 1/2-1/2

[Event "ch-ISR 2013"]
[Site "Acre ISR"]
[Date "2013.04.08"]
[Round "3.11"]
[White "Birnboim, Nathan"]
[Black "Gruenfeld, Yehuda"]
[Result "1/2-1/2"]
[WhiteTitle "IM"]
[BlackTitle "GM"]
[WhiteElo "2370"]
[BlackElo "2434"]
[WhiteFideId "2800209"]
[BlackFideId "2800020"]
[EventDate "2013.04.06"]

1. e4 c5 2. c3 d6 3. d4 Nf6 4. Bd3 Nbd7 5. Nf3 g6 6. e5 dxe5 7. dxe5 Ng4 8. e6
fxe6 9. Qa4 Bh6 10. Nbd2 Nf6 11. Qh4 Bg7 12. Ng5 Nf8 13. Qa4+ Bd7 14. Qc2 Bc6
15. Ndf3 Qc7 16. Be3 c4 17. Be4 Nxe4 18. Nxe4 e5 19. O-O-O Qa5 20. Kb1 Bd5 21.
Rd2 O-O-O 22. Nc5 b6 23. Rhd1 e6 24. Ne4 Rd7 25. Bg5 Qa6 26. Nf6 Qb7 27. Nxe5
Bxf6 28. Bxf6 Rg8 29. f3 Rc7 30. Qa4 Nd7 31. Nf7 Qc6 32. Qa6+ Kb8 33. Ne5 Qb7
34. Nxd7+ Rxd7 35. Qa4 Rc8 36. Be5+ Ka8 37. Rd4 Rf7 38. Qc2 Rf5 39. Qe2 Qc6 40.
R1d2 Kb7 41. Rf4 Re8 42. Qe3 g5 43. Rg4 Qc5 44. Bd4 Qe7 45. h4 Rg8 46. Rxg5
Rgxg5 47. hxg5 Qxg5 48. Qe1 Qg6 49. Ka1 Rh5 50. Be3 Rh2 51. Qf1 Qh5 52. Rd1 Qe5
53. Qf2 Qh5 54. Qg3 Rh1 55. Bg1 Qf5 56. Re1 Qg6 57. Qxg6 hxg6 1/2-1/2

[Event "ch-ISR 2013"]
[Site "Acre ISR"]
[Date "2013.04.08"]
[Round "3.12"]
[White "Kantsler, Boris"]
[Black "Arlinsky, Uriel"]
[Result "1/2-1/2"]
[WhiteTitle "GM"]
[BlackTitle "FM"]
[WhiteElo "2427"]
[BlackElo "2318"]
[WhiteFideId "2805359"]
[BlackFideId "2809575"]
[EventDate "2013.04.06"]

1. d4 Nf6 2. c4 e6 3. Nc3 Bb4 4. e3 O-O 5. Bd3 c5 6. Nf3 d5 7. O-O cxd4 8. exd4
dxc4 9. Bxc4 b6 10. Bg5 Bb7 11. Rc1 Nc6 12. Re1 Rc8 13. Bd3 Ne7 14. a3 Bxc3 15.
bxc3 Ng6 16. Ne5 Qd5 17. f3 Qd6 18. Qb3 Nxe5 19. Rxe5 Nd7 20. Ree1 Nc5 21. dxc5
Qxd3 22. cxb6 Bd5 23. Qb1 Qa6 24. bxa7 Qxa7+ 25. Be3 Qxa3 26. Qb4 Qa6 27. Bc5
Rfd8 28. c4 Bc6 29. Ra1 Qb7 30. Qxb7 Bxb7 31. Bb6 Rd2 32. Red1 Rxd1+ 33. Rxd1
Bc6 34. Kf2 f6 35. Ke3 Kf7 36. Ra1 Ra8 37. Rxa8 Bxa8 38. g3 e5 1/2-1/2

[Event "ch-ISR 2013"]
[Site "Acre ISR"]
[Date "2013.04.08"]
[Round "3.13"]
[White "Axelrod, Arie"]
[Black "Steinberg, Nitzan"]
[Result "1/2-1/2"]
[WhiteTitle "FM"]
[WhiteElo "2328"]
[BlackElo "2425"]
[WhiteFideId "2804867"]
[BlackFideId "2801795"]
[EventDate "2013.04.06"]

1. e4 e5 2. f4 d5 3. exd5 exf4 4. Bc4 Nf6 5. Nc3 Nbd7 6. Nf3 Be7 7. d4 O-O 8.
Bxf4 Nb6 9. Bb3 Nbxd5 10. Nxd5 Nxd5 11. Bxd5 Qxd5 12. Bxc7 Qc4 13. Be5 f6 14.
Bg3 Qb4+ 15. c3 Qxb2 16. Qb3+ Qxb3 17. axb3 Be6 18. c4 Bb4+ 19. Kf2 a5 20. Rhc1
Rfc8 21. d5 Bd7 22. Kf1 a4 23. Be1 Bxe1 24. Kxe1 axb3 25. Rxa8 Rxa8 26. Rb1 Ra3
27. Nd2 Ba4 28. Ne4 Ra2 29. Nc3 Rxg2 30. Kf1 Rxh2 31. Kg1 Ra2 32. d6 Kf7 33. c5
Ke8 34. Nxa4 Rxa4 35. Rxb3 Ra5 36. Rc3 Kd7 37. Kf2 Kc6 38. Ke3 Rb5 39. Rd3 Kd7
40. Rd5 Rb4 41. Kd3 g5 42. Kc3 Re4 43. Rd1 g4 44. Rh1 Re3+ 45. Kd4 Rh3 46. Re1
g3 47. Re7+ Kc8 48. Rc7+ Kd8 49. Rxb7 g2 50. Rg7 Rh4+ 51. Ke3 Rc4 52. Rxg2 Rxc5
53. Rg7 h5 54. Rf7 Re5+ 55. Kd4 h4 56. Rxf6 Rh5 57. Rf2 Kd7 1/2-1/2

[Event "ch-ISR 2013"]
[Site "Acre ISR"]
[Date "2013.04.08"]
[Round "3.14"]
[White "Givon, Asaf"]
[Black "Zalkind, Konstantin"]
[Result "1-0"]
[WhiteTitle "FM"]
[BlackTitle "FM"]
[WhiteElo "2407"]
[BlackElo "2254"]
[WhiteFideId "2801841"]
[BlackFideId "2803461"]
[EventDate "2013.04.06"]

1. e4 c6 2. d4 d5 3. exd5 cxd5 4. c4 Nf6 5. Nc3 Nc6 6. Bg5 Be6 7. Be2 Qa5 8. c5
Ne4 9. Nf3 g6 10. Qb3 Nxg5 11. Nxg5 Qb4 12. Qxb4 Nxb4 13. Nxe6 fxe6 14. O-O-O
Bh6+ 15. Kb1 O-O 16. Bg4 Rxf2 17. Bxe6+ Kg7 18. Nxd5 Nc6 19. Nc7 Raf8 20. Bh3
Nd8 21. Rhe1 Bg5 22. Nb5 Nc6 23. Nc7 Nd8 24. Nb5 Nc6 25. Nc3 Rd2 26. d5 Rxd1+
27. Rxd1 Nd8 28. Ne4 Bf4 29. g3 Be5 30. Rd3 h5 31. Ra3 a6 32. Rb3 Bd4 33. a3 Bg1
34. Rc3 Bd4 35. Rc2 e6 36. Bxe6 Re8 37. Rc4 Nxe6 38. dxe6 Be5 39. Rb4 Re7 40.
Rb6 Rc7 41. Kc2 1-0

[Event "ch-ISR 2013"]
[Site "Acre ISR"]
[Date "2013.04.08"]
[Round "3.15"]
[White "Shvayger, Yuliya"]
[Black "Nakar, Eylon"]
[Result "0-1"]
[WhiteTitle "WFM"]
[BlackTitle "IM"]
[WhiteElo "2273"]
[BlackElo "2389"]
[WhiteFideId "14100126"]
[BlackFideId "2811111"]
[EventDate "2013.04.06"]

1. e4 c5 2. Nf3 d6 3. d4 cxd4 4. Nxd4 Nf6 5. Nc3 a6 6. Bc4 e6 7. a4 Bd7 8. O-O
Nc6 9. Be3 Rc8 10. Qe2 Qc7 11. Ba2 Ne5 12. f4 Nc4 13. Bxc4 Qxc4 14. Qf3 Be7 15.
e5 Nd5 16. Nxd5 Qxd5 17. Qxd5 exd5 18. exd6 Bxd6 19. a5 O-O 20. f5 Rfe8 21. Rf3
Re4 22. Bf2 Rce8 23. c3 f6 24. Rd1 Kf7 25. Rh3 Bc5 26. Rxh7 Bxf5 27. Rxg7+ Kxg7
28. Nxf5+ Kg6 29. Bxc5 Kxf5 30. Rxd5+ R8e5 31. Rxe5+ fxe5 32. Kf2 Ra4 33. Bb4
Ra2 34. Ba3 Ke4 35. Ke2 Ra1 36. h4 Rh1 37. Be7 Rb1 38. Ba3 Rg1 39. Kf2 Rh1 40.
Be7 Kd3 41. g4 e4 42. Bg5 Rh3 43. h5 e3+ 44. Bxe3 Rxe3 0-1

[Event "ch-ISR 2013"]
[Site "Acre ISR"]
[Date "2013.04.09"]
[Round "4.2"]
[White "Postny, Evgeny"]
[Black "Mikhalevski, Victor"]
[Result "1-0"]
[WhiteTitle "GM"]
[BlackTitle "GM"]
[WhiteElo "2635"]
[BlackElo "2530"]
[WhiteFideId "2804344"]
[BlackFideId "2801914"]
[EventDate "2013.04.06"]

1. d4 Nf6 2. c4 g6 3. f3 Nc6 4. d5 Ne5 5. e4 d6 6. Nc3 Bg7 7. f4 Ned7 8. Nh3 Nc5
9. Nf2 Nfd7 10. Be3 Bxc3+ 11. bxc3 e5 12. dxe6 Nxe6 13. Be2 Qe7 14. O-O b6 15.
Bd4 O-O 16. Ng4 h5 17. Ne3 Bb7 18. Nd5 Bxd5 19. cxd5 Nxd4 20. Qxd4 Nc5 21. Bf3
Rfe8 22. Rae1 Qf8 23. e5 Re7 24. Re3 Rae8 25. Bxh5 Qg7 26. Rfe1 Nd7 27. e6 Nf8
28. Qxg7+ Kxg7 29. exf7 Kxf7 30. Rxe7+ Rxe7 31. Rxe7+ Kxe7 32. Bg4 Nh7 33. Kf2
Nf6 34. Bf3 Nd7 35. Ke3 Nc5 36. h4 Na4 37. Kd4 Kf6 38. g4 a6 39. Be4 1-0

[Event "ch-ISR 2013"]
[Site "Acre ISR"]
[Date "2013.04.09"]
[Round "4.3"]
[White "Greenfeld, Alon"]
[Black "Rodshtein, Maxim"]
[Result "1/2-1/2"]
[WhiteTitle "GM"]
[BlackTitle "GM"]
[WhiteElo "2545"]
[BlackElo "2639"]
[WhiteFideId "2800039"]
[BlackFideId "2806851"]
[EventDate "2013.04.06"]

1. Nf3 Nf6 2. c4 c5 3. Nc3 Nc6 4. g3 g6 5. Bg2 d6 6. d4 cxd4 7. Nxd4 Bd7 8. O-O
Bg7 9. Nc2 O-O 10. b3 Ne8 11. Bd2 a6 12. Rc1 Rb8 13. Ne3 e6 14. Kh1 b5 15. Be1
bxc4 16. bxc4 Ne7 17. Ne4 Bc6 18. Bc3 Bxe4 19. Bxe4 Bxc3 20. Rxc3 Nf6 21. Bg2
Qb6 22. Rd3 Rfd8 23. Qa1 Qb2 24. Rb3 Qxa1 25. Rxa1 Rxb3 26. axb3 Nd7 27. Rd1 Rb8
28. Rxd6 Nc5 29. Bf3 Kg7 30. Rd2 a5 31. Ra2 Nxb3 32. c5 1/2-1/2

[Event "ch-ISR 2013"]
[Site "Acre ISR"]
[Date "2013.04.09"]
[Round "4.5"]
[White "Golod, Vitali"]
[Black "Soffer, Ram"]
[Result "1/2-1/2"]
[WhiteTitle "GM"]
[BlackTitle "GM"]
[WhiteElo "2573"]
[BlackElo "2516"]
[WhiteFideId "2804140"]
[BlackFideId "2800101"]
[EventDate "2013.04.06"]

1. d4 Nf6 2. c4 e6 3. Nc3 Bb4 4. Qc2 O-O 5. a3 Bxc3+ 6. Qxc3 d5 7. Bg5 dxc4 8.
Qxc4 b6 9. Rd1 Ba6 10. Qa4 Qd7 11. Qc2 Qc6 12. Qxc6 Nxc6 13. Bxf6 gxf6 14. Nf3
Bb7 15. Rc1 Rfc8 16. e3 Ne7 17. Be2 c5 18. dxc5 bxc5 19. Nd2 Rab8 20. f3 Bc6 21.
b3 Bb5 22. Bxb5 Rxb5 23. Ke2 Ra5 24. a4 f5 25. Rc2 Ra6 26. Rhc1 Rac6 27. e4 Ng6
28. Nc4 fxe4 29. fxe4 R6c7 30. g3 Rd8 31. Na5 Rd4 32. Rc4 Rcd7 33. Rxd4 cxd4 34.
Rc8+ Kg7 35. Nc6 Ne7 36. Nxe7 Rxe7 37. b4 a6 38. e5 f6 39. exf6+ Kxf6 40. Kd3
Rb7 41. Rc4 e5 42. Ke4 Rd7 43. Rc6+ Kg7 44. Kxe5 d3 45. Rc1 Rb7 46. b5 axb5 47.
axb5 Rxb5+ 48. Ke4 Rb2 49. Kxd3 Rxh2 1/2-1/2

[Event "ch-ISR 2013"]
[Site "Acre ISR"]
[Date "2013.04.09"]
[Round "4.6"]
[White "Popilski, Gil"]
[Black "Gofshtein, Leonid"]
[Result "1/2-1/2"]
[WhiteTitle "GM"]
[BlackTitle "GM"]
[WhiteElo "2523"]
[BlackElo "2457"]
[WhiteFideId "2809060"]
[BlackFideId "2801574"]
[EventDate "2013.04.06"]

1. e4 e5 2. Nf3 Nc6 3. Bb5 a6 4. Ba4 Nf6 5. O-O b5 6. Bb3 Be7 7. d3 O-O 8. a4 b4
9. Nbd2 d6 10. a5 Be6 11. Re1 Nd7 12. Bc4 Bg5 13. Bd5 Bxd5 14. exd5 Bxd2 15.
Qxd2 Ne7 16. d4 e4 17. Rxe4 Nxd5 18. Qd3 Qb8 19. Bd2 Qb7 20. c4 bxc3 21. bxc3
Rfe8 22. Rb1 Qc6 23. Rxe8+ Rxe8 24. c4 N5f6 25. d5 Qa4 26. Qb3 1/2-1/2

[Event "ch-ISR 2013"]
[Site "Acre ISR"]
[Date "2013.04.09"]
[Round "4.7"]
[White "Caspi, Israel"]
[Black "Zoler, Dan"]
[Result "1/2-1/2"]
[WhiteTitle "IM"]
[BlackTitle "GM"]
[WhiteElo "2461"]
[BlackElo "2553"]
[WhiteFideId "2807394"]
[BlackFideId "2800705"]
[EventDate "2013.04.06"]

1. e4 e5 2. Nf3 Nc6 3. Bb5 a6 4. Ba4 Nf6 5. O-O Be7 6. Re1 b5 7. Bb3 d6 8. c3
O-O 9. h3 Nb8 10. d4 Nbd7 11. Nbd2 Bb7 12. Bc2 Re8 13. Nf1 Bf8 14. Ng3 g6 15. b3
Bg7 16. d5 Nb6 17. Bd3 c6 18. c4 cxd5 19. cxd5 Nbxd5 20. exd5 e4 21. Bxe4 Rxe4
22. Nxe4 Nxe4 23. Rxe4 Bxa1 24. Bg5 Bf6 25. Qd2 Rc8 26. Qf4 Bxg5 27. Nxg5 Bxd5
28. Rd4 h6 29. Rxd5 hxg5 30. Qxd6 1/2-1/2

[Event "ch-ISR 2013"]
[Site "Acre ISR"]
[Date "2013.04.09"]
[Round "4.8"]
[White "Raznikov, Danny"]
[Black "Svoisky, Daniel"]
[Result "1-0"]
[WhiteTitle "IM"]
[WhiteElo "2488"]
[BlackElo "2227"]
[WhiteFideId "2811154"]
[BlackFideId "2801787"]
[EventDate "2013.04.06"]

1. d4 Nf6 2. c4 e5 3. dxe5 Ng4 4. e3 Nxe5 5. Nh3 Bb4+ 6. Bd2 Bxd2+ 7. Qxd2 d6 8.
Nf4 Na6 9. Nc3 O-O 10. Be2 Nc5 11. O-O Bf5 12. f3 a5 13. Rad1 Qh4 14. g3 Qd8 15.
Kh1 a4 16. e4 Bd7 17. Nfd5 f5 18. f4 Ng6 19. Bf3 Re8 20. Rfe1 fxe4 21. Nxe4 Nxe4
22. Rxe4 Rxe4 23. Bxe4 Bg4 24. Re1 Qd7 25. Ne3 Re8 26. Nxg4 Qxg4 27. Bxb7 Rxe1+
28. Qxe1 h5 29. Bd5+ Kh7 30. Qf1 h4 31. Qf3 Qxf3+ 32. Bxf3 hxg3 33. hxg3 Ne7 34.
Kg2 Kg6 35. Be4+ Kf6 36. Kf3 Nc8 37. Ke3 Nb6 38. Kd4 c5+ 39. Kc3 Ke6 40. b3 axb3
41. Kxb3 Kd7 42. g4 Kc7 43. g5 Nd7 44. f5 Nf8 45. Bd5 Nh7 46. f6 g6 47. f7 Nf8
48. Kc3 Kd8 49. a4 Nd7 50. a5 Kc7 51. Kb3 1-0